Normal view
MARC view
Entry Topical Term
001 - CONTROL NUMBER
- control field: 5338
003 - CONTROL NUMBER IDENTIFIER
- control field: OSt
005 - DATE AND TIME OF LATEST TRANSACTION
- control field: 20150813151739.0
008 - FIXED-LENGTH DATA ELEMENTS
- fixed length control field: 150813|| aca||aabn | a|a d
040 ## - CATALOGING SOURCE
- Original cataloging agency: OSt
- Transcribing agency: OSt
150 ## - HEADING--TOPICAL TERM
- Topical term or geographic name entry element: Dictionary
670 ## - SOURCE DATA FOUND
- Source citation: Work cat.: (OSt)6185: Roy, Ashim Kumar 5337, A Dectionary of Indology, 1984









